Southville International School and Colleges
Your cart is empty.
  • Cart
  • Lists
    Public lists Eva Luna New books Lux_list list_1
    Your lists Log in to create your own lists
  • Log in to your account
  • Your cookies
  • Search history
Southville International School and Colleges
  • Advanced search
  • Recent comments
  • Most popular
  • Libraries

Log in to your account

Log in with GOOGLE


If you do not have an external account, but do have a local account, you can still log in:

  1. Home
  2. MARC view: Noah built an ark one day /
Normal view MARC view ISBD view

Noah built an ark one day / (Record no. 105562)

[ view plain ]
MARC details
000 -LEADER
fixed length control field 00540nam a2200181 a 4500
005 - DATE AND TIME OF LATEST TRANSACTION
control field 20140412111406.0
008 - FIXED-LENGTH DATA ELEMENTS--GENERAL INFORMATION
fixed length control field 070822s19uu xx 00 eng d
020 ## - INTERNATIONAL STANDARD BOOK NUMBER
International Standard Book Number 1-7497-0317-2
050 ## - LIBRARY OF CONGRESS CALL NUMBER
Classification number ER
Item number No66 1989
100 ## - MAIN ENTRY--PERSONAL NAME
Personal name Hawkins, Colin
245 ## - TITLE STATEMENT
Title Noah built an ark one day /
Statement of responsibility, etc Colin Hawkins.
260 ## - PUBLICATION, DISTRIBUTION, ETC. (IMPRINT)
Place of publication, distribution, etc New York :
Name of publisher, distributor, etc Putnam,
Date of publication, distribution, etc 1989.
440 ## - SERIES STATEMENT/ADDED ENTRY--TITLE
Title A lift-the-flap book
520 ## - SUMMARY, ETC.
Summary, etc The animals enter Noah's ark in various grouping from one to ten.
650 ## - SUBJECT ADDED ENTRY--TOPICAL TERM
Topical term or geographic name as entry element Children's poetry
650 ## - SUBJECT ADDED ENTRY--TOPICAL TERM
Topical term or geographic name as entry element Nursery Rhymes
Holdings
Withdrawn status Lost status Damaged status Home library Current library Shelving location Date acquired Source of acquisition Total Checkouts Full call number Barcode Date last seen Price effective from Koha item type
      Elizalde Library Elizalde Library Easy Reading Section 08/22/2007     ER No66 1989 E10342 04/12/2014 04/12/2014 Books

Noah built an ark one day /

APA

Hawkins C., . (1989). Noah built an ark one day. New York: Putnam.

Chicago

Hawkins Colin, . 1989. Noah built an ark one day. New York: Putnam.

Harvard

Hawkins C., . (1989). Noah built an ark one day. New York: Putnam.

MLA

Hawkins Colin, . Noah built an ark one day. New York: Putnam. 1989.

  • Place hold
  • Print
  • Cite
  • Add to your cart (remove)
  • Save record
    BIBTEX Dublin Core MARCXML MARC (non-Unicode/MARC-8) MARC (Unicode/UTF-8) MARC (Unicode/UTF-8, Standard) MODS (XML) RIS
  • More searches
    Search for this title in:
    Other Libraries (WorldCat) Other Databases (Google Scholar) Online Stores (Bookfinder.com) Open Library (openlibrary.org)

Exporting to Dublin Core...

SOUTHVILLE LIBRARY

Southville International School and Colleges Library

1281 Tropical Ave. Cor. Luxembourg St., BF Homes International, Las Pinas City

Tel. No. 8256374 / 252358 Loc. 117/146

Powered by Koha